=LDR 00000nam 2200000 4500 =001 INLIS000000000022175 =005 20130612120947 =008 ***********************************Ind** =035 ##$$0010-061300000022175 =041 ##$$a Ind =082 ##$$a 639.3 =090 ##$$a 639.3, Rok-b =100 ##$$a ROKHDIANTO, Agus =245 ##$$a Budidaya ikan di jaring terapung, Agus Rochdianto =260 ##$$a 1996 $b Jakarta =300 ##$$a viii, 97 hlm., ilus., 21 cm =650 ##$$a Ikan-pembudidayaan =850 ##$$a NBPNMAT